000 00571nam a2200205 i 4500
001 30173
003 ES-MaACL
005 20250813062711.0
007 t|
008 030123s1982 sp ||||1| spa d
100 1 _aBarral, Carlos,
_d1928-1989
_9180413
245 1 4 _aLos años sin excusa
_b: memorias II /
_cCarlos Barral.
250 _a[1ª ed.].
260 _a[Madrid] :
_bAlianza,
_c[1982]
300 _a287 p. ;
_c20 cm.
490 1 _aAlianza tres ;
_v86
830 0 0 _aAlianza tres
_v86
_9177344
852 _aES-MaACL
_jL-3178
_bR.103566
999 _c30173
_d30173